[Event "DVM U10 2014"]
[Site "Magdeburg GER"]
[Date "2014.12.29"]
[Round "7"]
[White "Stowicek, Yara Mathilda"]
[Black "Hagenmeyer, Felix"]
[Result "1-0"]
[Termination "normal"]
[Board "14.3"]
[WhiteElo "845"]
[BlackElo "928"]
[WhiteTeam "USV Volksbank Halle"]
[BlackTeam "Heilbronner SV"]
[PlyCount "99"]
[WhiteFideId "16203569"]
[BlackFideId "34612572"]
[EventCountry "GER"]
[EventRounds "7"]
[EventType "team-swiss"]
[EventDate "2014.12.27"]

1. e4 e5 2. Nf3 Nc6 3. Bc4 Bc5 4. b4 Be7 5. c3 Nf6 6. d3 d6 7. Bg5 O-O 8. Nbd2
d5 9. exd5 Nxd5 10. Bxe7 Ncxe7 11. Nxe5 Nxc3 12. Qb3 Ncd5 13. O-O Be6 14. Ndf3
f6 15. Bxd5 Bxd5 16. Nc4 b5 17. Nd4 Bxc4 18. Ne6 Qd6 19. dxc4 Qxe6 20. Rfe1 Qf7
21. cxb5 Qxb3 22. axb3 Nd5 23. Rec1 Rfe8 24. h3 Nxb4 25. Rxc7 Rec8 26. Rc4 Rxc4
27. bxc4 Rc8 28. Rxa7 h6 29. b6 Rb8 30. c5 Nc6 31. Rc7 Nd8 32. f3 Nb7 33. c6
Nd8 34. Kf2 Rxb6 35. Rc8 Rb2+ 36. Kg3 Rd2 37. c7 Kf7 38. cxd8=Q Rxd8 39. Rxd8
g5 40. Kg4 Ke7 41. Rh8 Ke6 42. Rxh6 Ke5 43. h4 gxh4 44. Rxh4 f5+ 45. Kg5 f4 46.
Rxf4 Kd5 47. g4 Ke6 48. Kg6 Kd7 49. Re4 Kc6 50. Rd4 1-0

[Event "DVM U10 2014"]
[Site "Magdeburg GER"]
[Date "2014.12.29"]
[Round "7"]
[White "Hagenmeyer, Jannis"]
[Black "Gärtner, Uta"]
[Result "0-1"]
[Termination "normal"]
[Board "14.4"]
[WhiteElo "780"]
[BlackElo "810"]
[WhiteTeam "Heilbronner SV"]
[BlackTeam "USV Volksbank Halle"]
[PlyCount "56"]
[WhiteFideId "34612580"]
[EventCountry "GER"]
[EventRounds "7"]
[EventType "team-swiss"]
[EventDate "2014.12.27"]

1. e4 e5 2. Bc4 Nf6 3. Nc3 Bc5 4. Nf3 Nc6 5. O-O d6 6. d3 Bg4 7. Ng5 O-O 8. Qe1
Nd4 9. Nd5 Nxc2 10. Qd2 Nxa1 11. h3 Bh5 12. b3 Nxd5 13. exd5 Bd4 14. Bb2 Qf6
15. Bxa1 Bxa1 16. Rxa1 e4 17. dxe4 Qxa1+ 18. Kh2 f6 19. Ne6 Rf7 20. Nxc7 Rxc7
21. Bd3 Rf7 22. Qb4 Rc8 23. Qxd6 Qxa2 24. Qd7 Rxd7 25. Bb5 Rdc7 26. d6 Rc1 27.
d7 Rd8 28. g4 Qxf2# 0-1

[Event "DVM U10 2014"]
[Site "Magdeburg GER"]
[Date "2014.12.29"]
[Round "7"]
[White "Karl, Simon"]
[Black "Hegemann, Erik"]
[Result "1-0"]
[Termination "normal"]
[Board "15.1"]
[WhiteElo "1191"]
[BlackElo "1176"]
[WhiteTeam "SK Langen"]
[BlackTeam "SG Turm Raesfeld/Erle"]
[PlyCount "67"]
[WhiteFideId "16217985"]
[BlackFideId "16234618"]
[EventCountry "GER"]
[EventRounds "7"]
[EventType "team-swiss"]
[EventDate "2014.12.27"]

1. d4 d5 2. c4 Nf6 3. Nc3 e6 4. Bg5 h6 5. Bxf6 Qxf6 6. e3 Bb4 7. Nf3 Bxc3+ 8.
bxc3 O-O 9. Bd3 Bd7 10. Qb3 Bc6 11. Be2 Nd7 12. O-O a6 13. Rab1 dxc4 14. Qxc4
b5 15. Qxc6 Qd8 16. Qe4 c5 17. dxc5 Nxc5 18. Qd4 Qe7 19. c4 Rfd8 20. Qc3 Ne4
21. Qc2 Nd6 22. cxb5 axb5 23. Bxb5 Rdc8 24. Qe2 Ne4 25. Rbc1 Nc3 26. Qd3 Nxa2
27. Rxc8+ Rxc8 28. Qb3 Nc3 29. Nd4 e5 30. Nc6 Qb7 31. Qxc3 Qxb5 32. Ne7+ Kh8
33. Qxc8+ Kh7 34. Qg8# 1-0

[Event "DVM U10 2014"]
[Site "Magdeburg GER"]
[Date "2014.12.29"]
[Round "7"]
[White "Tünte, Henning"]
[Black "Riegel, Simon"]
[Result "0-1"]
[Termination "normal"]
[Board "15.2"]
[WhiteElo "918"]
[BlackElo "952"]
[WhiteTeam "SG Turm Raesfeld/Erle"]
[BlackTeam "SK Langen"]
[PlyCount "83"]
[BlackFideId "34628410"]
[EventCountry "GER"]
[EventRounds "7"]
[EventType "team-swiss"]
[EventDate "2014.12.27"]

1. e4 e5 2. Nf3 Nc6 3. Bc4 Nf6 4. Nc3 Bc5 5. d3 O-O 6. Bg5 d6 7. h3 h6 8. Bh4
Nd4 9. Nxd4 exd4 10. Nd5 g5 11. Bg3 c6 12. Nxf6+ Qxf6 13. c3 b5 14. Bb3 Re8 15.
cxd4 Bxd4 16. Rb1 d5 17. O-O dxe4 18. Re1 Bf5 19. dxe4 Bxe4 20. Qxd4 Qxd4 21.
Rbd1 Qf6 22. Rf1 Rad8 23. Rde1 Bd5 24. Rxe8+ Rxe8 25. f4 Qd4+ 26. Bf2 Qxf4 27.
Bxa7 Bxb3 28. Rxf4 gxf4 29. axb3 Re7 30. Bb6 Re4 31. Kf2 Rb4 32. Kf3 Rxb3+ 33.
Kxf4 Rxb2 34. Kf5 Rxg2 35. Be3 Rg3 36. Bxh6 Rxh3 37. Kg4 Rxh6 38. Kg5 b4 39.
Kxh6 b3 40. Kg5 b2 41. Kf5 b1=Q+ 42. Ke5 0-1

[Event "DVM U10 2014"]
[Site "Magdeburg GER"]
[Date "2014.12.29"]
[Round "7"]
[White "Reinecke, Alexander"]
[Black "Mühl, Sophia"]
[Result "1/2-1/2"]
[Termination "normal"]
[Board "15.3"]
[WhiteElo "951"]
[BlackElo "600"]
[WhiteTeam "SK Langen"]
[BlackTeam "SG Turm Raesfeld/Erle"]
[PlyCount "142"]
[WhiteFideId "12991570"]
[EventCountry "GER"]
[EventRounds "7"]
[EventType "team-swiss"]
[EventDate "2014.12.27"]

1. e4 e5 2. Nf3 Nc6 3. Nc3 Bc5 4. Bc4 Nf6 5. O-O d6 6. d3 Bg4 7. Bg5 Nd4 8. Nd5
h6 9. Bxf6 gxf6 10. c3 Nxf3+ 11. gxf3 Bh3 12. Re1 c6 13. Ne3 Bxe3 14. Rxe3 Rg8+
15. Kh1 Bg2+ 16. Kg1 Bxf3+ 17. Kf1 Bxd1 18. Rxd1 d5 19. exd5 cxd5 20. Bb5+ Ke7
21. d4 a6 22. Be2 Qf8 23. dxe5 Kd8 24. exf6 Rg6 25. Rxd5+ Kc8 26. Rf3 Qe8 27.
Rg3 Rxg3 28. hxg3 Kc7 29. Bf3 -- 30. b4 Qe6 31. Rc5+ Kb6 32. a4 Qxf6 33. Rd5
Qxf3 34. Rd6+ Ka7 35. Rxh6 Re8 36. b5 Qxc3 37. bxa6 bxa6 38. Rh7 Qa1+ 39. Kg2
Re7 40. Rh5 Re1 41. Rh7 Rg1+ 42. Kf3 Qf6+ 43. Ke3 Kb6 44. a5+ Kxa5 45. Rh5+ Ka4
46. Rh4+ Ka3 47. Rd4 Re1+ 48. Kd3 Qxf2 49. Kc4 Qc2+ 50. Kd5 Rd1 51. Rxd1 Qxd1+
52. Ke5 f6+ 53. Kxf6 Qd5 54. g4 Qd6+ 55. Kf5 Qd7+ 56. Kf4 Qxg4+ 57. Kxg4 a5 58.
Kf3 Kb4 59. Ke3 a4 60. Kd2 Ka3 61. Kc1 Ka2 62. Kc2 Ka1 63. Kc1 a3 64. Kc2 Ka2
65. Kc1 Kb3 66. Kb1 Ka4 67. Ka2 Kb4 68. Ka1 Kb3 69. Kb1 Kb4 70. Ka2 Ka4 71. Ka1
Kb3 1/2-1/2

[Event "DVM U10 2014"]
[Site "Magdeburg GER"]
[Date "2014.12.29"]
[Round "7"]
[White "Fölting, Enna"]
[Black "Kronhardt, Simon"]
[Result "1-0"]
[Termination "normal"]
[Board "15.4"]
[WhiteElo "600"]
[BlackElo "600"]
[WhiteTeam "SG Turm Raesfeld/Erle"]
[BlackTeam "SK Langen"]
[PlyCount "39"]
[WhiteFideId "16241274"]
[EventCountry "GER"]
[EventRounds "7"]
[EventType "team-swiss"]
[EventDate "2014.12.27"]

1. e4 e5 2. Nf3 Nc6 3. Bc4 Nf6 4. Nc3 Bb4 5. a3 Bxc3 6. dxc3 O-O 7. Bg5 h6 8.
Bh4 Nxe4 9. Bxd8 Rxd8 10. O-O Na5 11. Bd5 Nd6 12. Nxe5 Re8 13. Qh5 g6 14. Nxg6
Kg7 15. b4 fxg6 16. Qf3 Rf8 17. Qe3 Nf5 18. Qe5+ Rf6 19. Qe8 Nd6 20. Qg8# 1-0

[Event "DVM U10 2014"]
[Site "Magdeburg GER"]
[Date "2014.12.29"]
[Round "7"]
[White "Kruse, Kilian"]
[Black "Winkelmann, Maurits"]
[Result "0-1"]
[Termination "normal"]
[Board "16.1"]
[WhiteElo "1167"]
[BlackElo "1129"]
[WhiteTeam "SC Borussia 1920 Friedrichsfelde"]
[BlackTeam "SC 1997 Lambsheim"]
[PlyCount "22"]
[WhiteFideId "16205413"]
[EventCountry "GER"]
[EventRounds "7"]
[EventType "team-swiss"]
[EventDate "2014.12.27"]

1. e4 c5 2. Nf3 e6 3. Bb5 a6 4. Be2 Qc7 5. Nc3 b5 6. d4 cxd4 7. Nxd4 Bb7 8. Be3
Be7 9. O-O h5 10. Bxh5 Nf6 11. Bf3 Qxh2# 0-1

[Event "DVM U10 2014"]
[Site "Magdeburg GER"]
[Date "2014.12.29"]
[Round "7"]
[White "Dalchow, Mario"]
[Black "Kraft, Adrian"]
[Result "1-0"]
[Termination "normal"]
[Board "16.2"]
[WhiteElo "1193"]
[BlackElo "963"]
[WhiteTeam "SC 1997 Lambsheim"]
[BlackTeam "SC Borussia 1920 Friedrichsfelde"]
[PlyCount "121"]
[WhiteFideId "12971421"]
[BlackFideId "16235010"]
[EventCountry "GER"]
[EventRounds "7"]
[EventType "team-swiss"]
[EventDate "2014.12.27"]

1. e4 c5 2. Nf3 Nc6 3. Nc3 d6 4. Bb5 Nf6 5. d3 g6 6. O-O Bg7 7. Qe2 Bg4 8. h3
Bd7 9. Bd2 Nd4 10. Bxd7+ Qxd7 11. Nxd4 cxd4 12. Nd1 O-O 13. c3 e5 14. cxd4 exd4
15. b3 Rfc8 16. Bf4 Ne8 17. Nb2 Nc7 18. Nc4 b5 19. Nxd6 Rd8 20. Nb7 Rdb8 21.
Na5 Ne6 22. Bxb8 Rxb8 23. b4 Nf4 24. Qf3 Ne6 25. a3 a6 26. Rfc1 Rc8 27. Nb3 Ng5
28. Qe2 Bh6 29. Rxc8+ Qxc8 30. Nxd4 Qc3 31. Nc2 Ne6 32. Kh1 Nf4 33. Qd1 Nxd3
34. Ne1 Nb2 35. Qd8+ Kg7 36. Qa5 Bd2 37. Nf3 Qc6 38. Nxd2 Nd3 39. Qd8 Nf4 40.
Nf3 Qxe4 41. Qd4+ Qxd4 42. Nxd4 Kf6 43. Rc1 Ke5 44. Nf3+ Ke4 45. Rc6 Ne2 46.
Rxa6 f5 47. Rb6 Nc3 48. Ng5+ Kf4 49. Nxh7 Ne4 50. Rxb5 Nxf2+ 51. Kh2 Nd3 52. a4
g5 53. a5 Ke3 54. a6 f4 55. a7 f3 56. gxf3 Kxf3 57. a8=Q+ Ke2 58. Qe4+ Kd1 59.
Qxd3+ Ke1 60. Rf5 g4 61. Rf1# 1-0

[Event "DVM U10 2014"]
[Site "Magdeburg GER"]
[Date "2014.12.29"]
[Round "7"]
[White "Müller, Stefan"]
[Black "Warzecha, Fabian"]
[Result "1/2-1/2"]
[Termination "normal"]
[Board "16.3"]
[WhiteElo "735"]
[BlackElo "1121"]
[WhiteTeam "SC Borussia 1920 Friedrichsfelde"]
[BlackTeam "SC 1997 Lambsheim"]
[PlyCount "46"]
[EventCountry "GER"]
[EventRounds "7"]
[EventType "team-swiss"]
[EventDate "2014.12.27"]

1. e4 c6 2. Nf3 d5 3. exd5 cxd5 4. Bb5+ Nc6 5. d4 Bd7 6. Nc3 Nf6 7. Bg5 e6 8.
O-O Be7 9. Re1 O-O 10. Qd3 h6 11. Bxf6 Bxf6 12. Ne2 Qc7 13. c3 Rfe8 14. g3 Rad8
15. Nf4 a6 16. Ba4 b5 17. Bc2 Rb8 18. Nh5 Qd8 19. Nh4 e5 20. f4 e4 21. Qe2 g6
22. Nxf6+ Qxf6 23. Ng2 h5 1/2-1/2

[Event "DVM U10 2014"]
[Site "Magdeburg GER"]
[Date "2014.12.29"]
[Round "7"]
[White "Reichardt, Henrik"]
[Black "Pervan, Milan"]
[Result "1-0"]
[Termination "normal"]
[Board "16.4"]
[WhiteElo "1065"]
[BlackElo "600"]
[WhiteTeam "SC 1997 Lambsheim"]
[BlackTeam "SC Borussia 1920 Friedrichsfelde"]
[PlyCount "75"]
[EventCountry "GER"]
[EventRounds "7"]
[EventType "team-swiss"]
[EventDate "2014.12.27"]

1. e4 e5 2. Nf3 Nc6 3. Bc4 Bb4 4. c3 Bc5 5. O-O Nf6 6. d3 O-O 7. Bg5 d6 8. Nbd2
Bg4 9. h3 Bxf3 10. Nxf3 a6 11. d4 exd4 12. cxd4 Bxd4 13. Nxd4 Nxd4 14. Qxd4 c5
15. Qe3 b5 16. Be2 c4 17. Rfd1 Qe7 18. Bf3 a5 19. e5 dxe5 20. Bxa8 Rxa8 21. Rd2
Qe6 22. Rad1 Qe8 23. Qb6 h6 24. Bxf6 Qb8 25. Rd8+ Qxd8 26. Rxd8+ Rxd8 27. Qxd8+
Kh7 28. Bxe5 b4 29. Qxa5 c3 30. bxc3 bxc3 31. Bxc3 f6 32. Qa7 Kg6 33. Qa5 f5
34. f4 Kh5 35. Qxf5+ g5 36. Kh2 Kh4 37. g3+ Kh5 38. Qf7# 1-0

[Event "DVM U10 2014"]
[Site "Magdeburg GER"]
[Date "2014.12.29"]
[Round "7"]
[White "Shevchenko, Alyona"]
[Black "Kipke, Mark"]
[Result "1-0"]
[Termination "normal"]
[Board "17.1"]
[WhiteElo "1019"]
[BlackElo "1037"]
[WhiteTeam "Karlsruher SF 1853"]
[BlackTeam "Königsspringer SC 1984"]
[PlyCount "53"]
[WhiteFideId "12983420"]
[BlackFideId "16217616"]
[EventCountry "GER"]
[EventRounds "7"]
[EventType "team-swiss"]
[EventDate "2014.12.27"]

1. e4 c5 2. c3 Nc6 3. Nf3 g6 4. d4 cxd4 5. cxd4 e6 6. Nc3 Bg7 7. Qd3 d6 8. Qe3
Nf6 9. d5 Nb4 10. Nd4 e5 11. Bb5+ Bd7 12. Bxd7+ Qxd7 13. Qd2 exd4 14. Ne2 Na6
15. Qxd4 O-O 16. O-O Rfe8 17. Ng3 Nxe4 18. Qd3 Nec5 19. Qd2 Ne4 20. Nxe4 Rxe4
21. Re1 Rae8 22. Rxe4 Rxe4 23. f3 Re5 24. Qf2 Rxd5 25. Qxa7 Bd4+ 26. Qxd4 Rxd4
27. Be3 0-1

[Event "DVM U10 2014"]
[Site "Magdeburg GER"]
[Date "2014.12.29"]
[Round "7"]
[White "Köppen, Cedric Louis"]
[Black "Kiefhaber, Julius"]
[Result "0-1"]
[Termination "normal"]
[Board "17.2"]
[WhiteElo "930"]
[BlackElo "930"]
[WhiteTeam "Königsspringer SC 1984"]
[BlackTeam "Karlsruher SF 1853"]
[PlyCount "74"]
[BlackFideId "16245121"]
[EventCountry "GER"]
[EventRounds "7"]
[EventType "team-swiss"]
[EventDate "2014.12.27"]

1. e4 c5 2. Nf3 Nc6 3. c4 g6 4. d4 cxd4 5. Nxd4 Bg7 6. Be3 e6 7. Nc3 Nf6 8. Be2
d5 9. cxd5 exd5 10. exd5 Nxd5 11. Bb5 O-O 12. Bxc6 bxc6 13. Nxc6 Qd7 14. Nd4
Re8 15. Qd2 Bh6 16. Nxd5 Qxd5 17. O-O Bg7 18. Rfe1 Ba6 19. b3 Rad8 20. Rad1
Bxd4 21. Qxd4 Qxd4 22. Rxd4 Rxd4 23. f3 Rd7 24. Kf2 Rde7 25. a4 f5 26. g3 g5
27. f4 h6 28. h4 gxf4 29. gxf4 h5 30. Kf3 Bb7+ 31. Kf2 Bd5 32. b4 Rb8 33. b5
Bb3 34. a5 Rxb5 35. Rb1 Ba4 36. Ra1 Bc2 37. Bxa7 Rxa7 0-1

[Event "DVM U10 2014"]
[Site "Magdeburg GER"]
[Date "2014.12.29"]
[Round "7"]
[White "Kühn, Jan-Gerrit"]
[Black "Kiefhaber, Marlene"]
[Result "1-0"]
[Termination "normal"]
[Board "17.4"]
[WhiteElo "854"]
[BlackElo "865"]
[WhiteTeam "Königsspringer SC 1984"]
[BlackTeam "Karlsruher SF 1853"]
[PlyCount "65"]
[EventCountry "GER"]
[EventRounds "7"]
[EventType "team-swiss"]
[EventDate "2014.12.27"]

1. e4 c6 2. Nf3 d5 3. d3 dxe4 4. dxe4 Qxd1+ 5. Kxd1 Bg4 6. Bf4 Na6 7. Be2
O-O-O+ 8. Nbd2 Nf6 9. Bd3 e6 10. e5 Bb4 11. h3 Bxf3+ 12. Nxf3 Nc5 13. Ke2 Rd7
14. a3 Ba5 15. b4 Bb6 16. bxc5 Bxc5 17. exf6 gxf6 18. a4 e5 19. Bh6 f5 20. Nxe5
Re7 21. Bg7 Rg8 22. Bf6 Re6 23. Bxf5 Rxg2 24. Bxe6+ Kb8 25. Nd7+ Kc8 26. Nxc5+
Kb8 27. Rag1 Rxg1 28. Rxg1 a6 29. Bxf7 a5 30. Bc3 b5 31. Bxa5 h5 32. Bb6 bxa4
33. Rg8# 1-0

[Event "DVM U10 2014"]
[Site "Magdeburg GER"]
[Date "2014.12.29"]
[Round "7"]
[White "Glinzner, Alva"]
[Black "Liebeskind, Pascal"]
[Result "1-0"]
[Termination "normal"]
[Board "18.1"]
[WhiteElo "1060"]
[BlackElo "1095"]
[WhiteTeam "Lübecker SV von 1873 1"]
[BlackTeam "TSG Apolda"]
[PlyCount "129"]
[WhiteFideId "16206169"]
[BlackFideId "16212380"]
[EventCountry "GER"]
[EventRounds "7"]
[EventType "team-swiss"]
[EventDate "2014.12.27"]

1. e4 e5 2. Nf3 Nc6 3. d4 exd4 4. Nxd4 Nge7 5. Nc3 g6 6. Be3 Bg7 7. Bc4 d6 8.
O-O O-O 9. Qd2 Nxd4 10. Bxd4 Bxd4 11. Qxd4 c6 12. Rfe1 Be6 13. Bd3 d5 14. exd5
cxd5 15. Ne2 Nf5 16. Qb4 Qc7 17. Nf4 Bd7 18. Nxd5 Qc6 19. Bxf5 Qxd5 20. Bxd7
Qxd7 21. Re7 Qc6 22. Qxb7 Qxc2 23. Rc7 Qf5 24. Qc6 Qe5 25. Qc3 Rfe8 26. Qxe5
Rxe5 27. g3 a6 28. a3 Rb8 29. b4 a5 30. bxa5 Rxa5 31. Kg2 Rba8 32. Rc3 f5 33.
Kf3 Kf7 34. Kf4 Ra4+ 35. Kf3 g5 36. h3 h5 37. Kg2 Ke6 38. Kf1 f4 39. Ke2 Kf5
40. Kf3 g4+ 41. hxg4+ hxg4+ 42. Kg2 R8a5 43. Rb3 Ke4 44. gxf4 Kxf4 45. Kf1 --
46. Rb4+ Rxb4 47. axb4 Rb5 48. Rb1 Ke4 49. Ke2 Kd4 50. Kd2 Rf5 51. Ke2 Kc4 52.
Ke3 Kb5 53. Ke2 Rh5 54. Rd1 Re5+ 55. Kf1 Rf5 56. Kg2 Rf4 57. Rb1 Rxb4 58. Rxb4+
Kxb4 59. Kg3 Kc5 60. Kxg4 Kd6 61. Kg5 Ke6 62. f4 Kf7 63. Kf5 Kf8 64. Kf6 Ke8
65. Kg7 1-0

[Event "DVM U10 2014"]
[Site "Magdeburg GER"]
[Date "2014.12.29"]
[Round "7"]
[White "Henzgen, Nick"]
[Black "Paulsen, Niels-Martin"]
[Result "0-1"]
[Termination "normal"]
[Board "18.2"]
[WhiteElo "1161"]
[BlackElo "1090"]
[WhiteTeam "TSG Apolda"]
[BlackTeam "Lübecker SV von 1873 1"]
[PlyCount "176"]
[WhiteFideId "16212347"]
[BlackFideId "16214994"]
[EventCountry "GER"]
[EventRounds "7"]
[EventType "team-swiss"]
[EventDate "2014.12.27"]

1. e4 c5 2. Nf3 Nc6 3. d3 g6 4. g3 Bg7 5. Bg2 d6 6. c3 Nf6 7. Be3 O-O 8. O-O
Bg4 9. Nbd2 Qd7 10. Qc2 Rfe8 11. Rfe1 Rac8 12. Rac1 e5 13. Nf1 d5 14. Bxc5 b6
15. Be3 d4 16. Bd2 b5 17. a3 a5 18. Qb1 a4 19. cxd4 Bxf3 20. Bxf3 Nxd4 21. Bg2
Nb3 22. Rxc8 Rxc8 23. Bc3 Ne8 24. Nd2 Nc5 25. Bf1 Rd8 26. Ba5 Nc7 27. Bxc7 Qxc7
28. Rd1 Qd7 29. Nf3 Nxe4 30. Be2 Nc5 31. Qc2 Qd5 32. Ne1 Bh6 33. Ng2 Nb3 34.
Ne3 Qc5 35. Qxc5 Nxc5 36. Ng4 Bg7 37. Rc1 Nxd3 38. Bxd3 Rxd3 39. Rc8+ Bf8 40.
Nxe5 Rd2 41. Rb8 Rd5 42. Nf3 Kg7 43. Kg2 Be7 44. Ne1 Kf6 45. Rb6+ Ke5 46. Nf3+
Ke4 47. Rb7 Bf6 48. Rxf7 Bxb2 49. Re7+ Kd3 50. Re3+ Kc2 51. Ne1+ Kb1 52. h4 Ka2
53. Nc2 Rd2 54. Nb4+ Kb1 55. Kf3 Bd4 56. Re1+ Kb2 57. Re2 Rxe2 58. Kxe2 Bc3 59.
Nd3+ Kxa3 60. Kd1 b4 61. Kc2 Bf6 62. Kb1 Kb3 63. Nc5+ Ka3 64. f3 b3 65. Ne4 Bd4
66. Nd2 b2 67. g4 Kb4 68. g5 a3 69. Ka2 Bc3 70. Nb1 Be5 71. Nd2 Kc3 72. Nb1+
Kc2 73. Nxa3+ Kc1 74. f4 Bxf4 75. h5 Bxg5 76. hxg6 hxg6 77. Nb1 Be3 78. Na3 g5
79. Nb1 g4 80. Na3 g3 81. Nb1 g2 82. Na3 g1=Q 83. Nb1 Qg8+ 84. Ka3 Qb8 85. Nc3
Bc5+ 86. Ka2 Qb4 87. Nb1 Qa4+ 88. Na3 Qxa3# 0-1

[Event "DVM U10 2014"]
[Site "Magdeburg GER"]
[Date "2014.12.29"]
[Round "7"]
[White "Silini, Jalel"]
[Black "Weichold, Nelly"]
[Result "1-0"]
[Termination "normal"]
[Board "18.3"]
[WhiteElo "876"]
[BlackElo "600"]
[WhiteTeam "Lübecker SV von 1873 1"]
[BlackTeam "TSG Apolda"]
[PlyCount "27"]
[WhiteFideId "16215397"]
[EventCountry "GER"]
[EventRounds "7"]
[EventType "team-swiss"]
[EventDate "2014.12.27"]

1. e4 e6 2. d4 d5 3. e5 f6 4. Nf3 Nd7 5. Bf4 b6 6. Bb5 Bb7 7. Nc3 Qe7 8. Qd3
O-O-O 9. O-O Qe8 10. Ba6 Bxa6 11. Qxa6+ Kb8 12. Nb5 Ne7 13. Qxa7+ Kc8 14. Qxc7#
1-0

[Event "DVM U10 2014"]
[Site "Magdeburg GER"]
[Date "2014.12.29"]
[Round "7"]
[White "Wettig, Lukas"]
[Black "Senechal, Niklas Bennett"]
[Result "0-1"]
[Termination "normal"]
[Board "18.4"]
[WhiteElo "600"]
[BlackElo "757"]
[WhiteTeam "TSG Apolda"]
[BlackTeam "Lübecker SV von 1873 1"]
[PlyCount "64"]
[BlackFideId "16231180"]
[EventCountry "GER"]
[EventRounds "7"]
[EventType "team-swiss"]
[EventDate "2014.12.27"]

1. e4 e5 2. Nf3 Nc6 3. Bc4 Nf6 4. Nc3 Bb4 5. O-O Bxc3 6. bxc3 Nxe4 7. d3 Nxc3
8. Qe1 Na4 9. Nxe5 O-O 10. Nf3 Re8 11. Qd1 d5 12. Bb3 Nc5 13. Bb2 Nxb3 14. axb3
Qd6 15. Qd2 Qg6 16. Qc3 f6 17. Nh4 Qg5 18. Nf3 Qh6 19. Bc1 Qg6 20. Nh4 Qf7 21.
Bf4 d4 22. Qd2 Qh5 23. g3 Re2 24. Qd1 Bh3 25. Re1 Rxe1+ 26. Qxe1 g5 27. Bxc7
gxh4 28. Bf4 Qf3 29. Qf1 Bxf1 30. Kxf1 Re8 31. Re1 Rxe1+ 32. Kxe1 Nb4 0-1

[Event "DVM U10 2014"]
[Site "Magdeburg GER"]
[Date "2014.12.29"]
[Round "7"]
[White "Block, Timo"]
[Black "Müller, Richard"]
[Result "0-1"]
[Termination "normal"]
[Board "19.1"]
[WhiteElo "1065"]
[BlackElo "1187"]
[WhiteTeam "SF Bremer Osten"]
[BlackTeam "ESV Nickelhütte Aue"]
[PlyCount "140"]
[WhiteFideId "16201116"]
[BlackFideId "12963364"]
[EventCountry "GER"]
[EventRounds "7"]
[EventType "team-swiss"]
[EventDate "2014.12.27"]

1. e4 e5 2. Nf3 d6 3. Nc3 Nc6 4. Be2 Nf6 5. d3 Be7 6. Be3 O-O 7. O-O Be6 8. d4
exd4 9. Bxd4 Nxd4 10. Nxd4 Qd7 11. Re1 c5 12. Nxe6 Qxe6 13. Bb5 a6 14. Ba4 b5
15. Nd5 Bd8 16. Bxb5 axb5 17. a3 Ba5 18. Nxf6+ Qxf6 19. c3 Bb6 20. Kh1 Qxf2 21.
Qxd6 Ba7 22. b4 cxb4 23. axb4 Qh4 24. Qd5 Bb8 25. e5 Rxa1 26. Rxa1 Qc4 27. Qxc4
bxc4 28. Re1 Re8 29. g3 Bxe5 30. Re4 f6 31. Rxc4 Rd8 32. Rc6 Rd3 33. c4 Rb3 34.
b5 h5 35. Rb6 Rb2 36. Ra6 h4 37. gxh4 Rxh2+ 38. Kg1 Rxh4 39. Ra4 g5 40. Kg2 Kf7
41. b6 Rh8 42. c5 Ke6 43. Rc4 Kd5 44. Rc1 Kc6 45. Kf3 Bd4 46. Ke4 Bxc5 47. Kf5
Kxb6 48. Kxf6 g4 49. Rc2 g3 50. Rg2 Bf2 51. Kf5 Rh2 52. Rxg3 Bxg3 53. Ke4 Rd2
54. Ke3 Rd7 55. Kf3 Re7 56. Kxg3 Rf7 57. Kg4 Kc6 58. Kg5 Kd5 59. Kg4 Ke5 60.
Kg3 Ke4 61. Kg2 Ke3 62. Kg1 Ke2 63. Kg2 Rg7+ 64. Kh3 Kf3 65. Kh4 Rg1 66. Kh5
Kf4 67. Kh6 Kf5 68. Kh7 Kf6 69. Kh8 Kf7 70. Kh7 Rh1# 0-1

[Event "DVM U10 2014"]
[Site "Magdeburg GER"]
[Date "2014.12.29"]
[Round "7"]
[White "Fahsel, Hannes"]
[Black "Pfluger, Jan"]
[Result "0-1"]
[Termination "normal"]
[Board "19.2"]
[WhiteElo "988"]
[BlackElo "966"]
[WhiteTeam "ESV Nickelhütte Aue"]
[BlackTeam "SF Bremer Osten"]
[PlyCount "23"]
[BlackFideId "16218299"]
[EventCountry "GER"]
[EventRounds "7"]
[EventType "team-swiss"]
[EventDate "2014.12.27"]

1. e4 e5 2. Nf3 Nc6 3. Bc4 Bc5 4. d3 h6 5. c3 Nf6 6. Be3 d6 7. O-O O-O 8. d4
exd4 9. cxd4 Bb4 10. a3 Ba5 11. Be2 Bg4 12. Bd3 {nicht Nachvollziehbar} 0-1

[Event "DVM U10 2014"]
[Site "Magdeburg GER"]
[Date "2014.12.29"]
[Round "7"]
[White "Pass, Maurice"]
[Black "Schurig, Tom"]
[Result "1/2-1/2"]
[Termination "normal"]
[Board "19.3"]
[WhiteElo "600"]
[BlackElo "600"]
[WhiteTeam "SF Bremer Osten"]
[BlackTeam "ESV Nickelhütte Aue"]
[PlyCount "109"]
[EventCountry "GER"]
[EventRounds "7"]
[EventType "team-swiss"]
[EventDate "2014.12.27"]

1. e4 e5 2. Nf3 d6 3. Nc3 Be6 4. Bb5+ c6 5. Be2 Nf6 6. Ng5 Bd7 7. O-O Be7 8. d3
Na6 9. Bh5 O-O 10. Be3 g6 11. Bf3 Nc7 12. g3 Ne6 13. Nxe6 Bxe6 14. Bh6 Re8 15.
Bg5 Bh3 16. Re1 Qd7 17. Bxf6 Bxf6 18. Qd2 Bg7 19. Qg5 f6 20. Qh4 h5 21. Bg2
Bxg2 22. Kxg2 Qg4 23. Qxg4 hxg4 24. Rf1 Rad8 25. f3 gxf3+ 26. Rxf3 d5 27. exd5
cxd5 28. Nb5 a6 29. Nc7 Re7 30. Nxd5 Rxd5 31. c4 Rc5 32. b4 Rc6 33. h4 b5 34.
Rc1 bxc4 35. dxc4 Kf7 36. a4 Bh6 37. Rc2 e4 38. Rff2 e3 39. Rfe2 g5 40. b5 axb5
41. axb5 Rb6 42. hxg5 Bxg5 43. Kh3 Kg6 44. Rb2 Rc7 45. Rec2 f5 46. c5 Rbb7 47.
c6 Rb6 48. Kg2 Bf6 49. Rb3 Kg5 50. Kf3 Bd4 51. Rc4 Be5 52. Kxe3 Bxg3 53. Kf3 f4
54. Rc5+ Kh4 55. Rb1 1/2-1/2

[Event "DVM U10 2014"]
[Site "Magdeburg GER"]
[Date "2014.12.29"]
[Round "7"]
[White "Ebert, Erik"]
[Black "Bakiyev, Diyar"]
[Result "0-1"]
[Termination "normal"]
[Board "19.4"]
[WhiteElo "762"]
[BlackElo "795"]
[WhiteTeam "ESV Nickelhütte Aue"]
[BlackTeam "SF Bremer Osten"]
[PlyCount "53"]
[WhiteFideId "16224116"]
[BlackFideId "16230531"]
[EventCountry "GER"]
[EventRounds "7"]
[EventType "team-swiss"]
[EventDate "2014.12.27"]

1. Nc3 e5 2. d4 exd4 3. Qxd4 Nc6 4. Qd1 Bc5 5. e3 Nf6 6. Bc4 d6 7. Nf3 Bf5 8.
Ng5 O-O 9. Bd3 Bxd3 10. Qxd3 -- 11. Qxh7+ Nxh7 12. Nxh7 Kxh7 13. Bd2 Nb4 14.
O-O Nxc2 15. Rac1 Nb4 16. Nb5 Nxa2 17. Ra1 Nb4 18. Ra4 a6 19. Na3 Nd3 20. Nc4
b5 21. Ra2 bxc4 22. Ra4 Nxb2 23. Ra2 Qf6 24. Bc1 Rab8 25. Re1 Nd3 26. Rd1 Rb1
27. Rad2 {Rest nicht nachvollziehbar} 0-1

[Event "DVM U10 2014"]
[Site "Magdeburg GER"]
[Date "2014.12.29"]
[Round "7"]
[White "Rößler, Philipp"]
[Black "Voß, Torben"]
[Result "0-1"]
[Termination "normal"]
[Board "20.1"]
[WhiteElo "915"]
[BlackElo "1025"]
[WhiteTeam "SC 1994 Oberland"]
[BlackTeam "Schachzwerge Magdeburg 2"]
[PlyCount "68"]
[WhiteFideId "16209885"]
[EventCountry "GER"]
[EventRounds "7"]
[EventType "team-swiss"]
[EventDate "2014.12.27"]

1. e4 e5 2. Nf3 Nc6 3. Bc4 Nf6 4. Ng5 d5 5. exd5 b5 6. Bf1 Qxd5 7. Nc3 Qd8 8.
Bxb5 h6 9. Nf3 Bd7 10. Qe2 Bd6 11. d3 O-O 12. O-O a6 13. Bc4 Re8 14. Re1 Bg4
15. h3 Bh5 16. Be3 Nd4 17. Nxd4 exd4 18. Qd2 dxc3 19. Qxc3 -- 20. Bc1 Rxe1+ 21.
Qxe1 Qd7 22. Qc3 Re8 23. Bd2 Be5 24. Qa3 Bd4 25. c3 Ba7 26. d4 Qf5 27. Bxf7+
Bxf7 28. Qxa6 Bb6 29. -- Ne4 30. Qd3 Qxf2+ 31. Kh1 Ng5 32. Qb5 Re2 33. Rg1 Nf3
34. Qxe2 Qxg1# 0-1